Vampire knight / (Record no. 5050)
[ view plain ]
| 000 -LEADER | |
|---|---|
| fixed length control field | 01050cam a2200289 4500 |
| 001 - CONTROL NUMBER | |
| control field | 5976 |
| 005 - DATE AND TIME OF LATEST TRANSACTION | |
| control field | 20181127180649.0 |
| 010 ## - LIBRARY OF CONGRESS CONTROL NUMBER | |
| LC control number | 2014033774 |
| 020 ## - INTERNATIONAL STANDARD BOOK NUMBER | |
| International Standard Book Number | 9781421508221 |
| International Standard Book Number | 9781421513249 (v. 3 : pbk.) |
| Terms of availability | |
| Canceled/invalid ISBN | |
| 100 1# - MAIN ENTRY--PERSONAL NAME | |
| Personal name | Matsuri, Hino. |
| Relator term | |
| 245 10 - TITLE STATEMENT | |
| Title | Vampire knight / |
| Remainder of title | |
| Statement of responsibility, etc. | Matsuri Hino. |
| 264 #1 - PRODUCTION, PUBLICATION, DISTRIBUTION, MANUFACTURE, AND COPYRIGHT NOTICE | |
| Place of production, publication, distribution, manufacture | San Francisco, CA : |
| Name of producer, publisher, distributor, manufacturer | VIZ Media LLC, |
| Date of production, publication, distribution, manufacture, or copyright notice | c2004, 2005. |
| 300 ## - PHYSICAL DESCRIPTION | |
| Extent | 263 pages : |
| Other physical details | illustrations (some color) ; |
| Dimensions | 20 cm |
| 336 ## - CONTENT TYPE | |
| Content type term | text |
| Source | rdacontent |
| 337 ## - MEDIA TYPE | |
| Media type term | unmediated |
| Source | rdamedia |
| 338 ## - CARRIER TYPE | |
| Carrier type term | volume |
| Source | rdacarrier |
| 500 ## - GENERAL NOTE | |
| General note | ""A Shojo Beat novel."" |
| General note | First published in Japan in 2013 by Hakusensha under title: Vampire knight frail no yume. |
| 505 0# - FORMATTED CONTENTS NOTE | |
| Formatted contents note | Deranged love -- Gifts for Yuki -- Hidden love -- Queen of the Abyss -- A maiden's melancholy -- In a thousand years. |
| 650 #0 - SUBJECT ADDED ENTRY--TOPICAL TERM | |
| Topical term or geographic name entry element | Romance fiction, Japanese, |
| Form subdivision | Translations into English. |
| Topical term or geographic name entry element | Vampires |
| Form subdivision | Fiction. |
| Topical term or geographic name entry element | Love |
| Form subdivision | Fiction. |
| Topical term or geographic name entry element | Vampires |
| Form subdivision | Fiction. |
| 700 1# - ADDED ENTRY--PERSONAL NAME | |
| Personal name | Han, Su Mon, |
| Relator term | translator. |
| Personal name | Hino, Matsuri. |
| Withdrawn status | Lost status | Source of classification or shelving scheme | Damaged status | Not for loan | Collection code | Home library | Current library | Shelving location | Date acquired | Serial Enumeration / chronology | Inventory number | Total Checkouts | Total Renewals | Full call number | Barcode | Date last seen | Date last checked out | Price effective from | Koha item type |
|---|---|---|---|---|---|---|---|---|---|---|---|---|---|---|---|---|---|---|---|
| Dewey Decimal Classification | Fiction | RTC Library | RTC Library | Fiction | 24/02/2021 | 9463 | 17 | 1 | FIC 813.54 HIN | 30008248 | 10/03/2026 | 03/03/2026 | 27/11/2018 | Fiction | |||||
| Missing | Dewey Decimal Classification | Fiction | RTC Library | RTC Library | Fiction | 21/07/2021 | 9464 | FIC H66v2 | 30008433 | 27/11/2018 | 27/11/2018 | Fiction | |||||||
| Dewey Decimal Classification | Fiction | RTC Library | RTC Library | Fiction | 07/04/2022 | 9991 | FIC 813.54 HIN | 30010191 | 03/01/2022 | 27/11/2018 | Fiction |